Central Library OPAC University of Rajshahi

كشاف وفهارس :كتاب مجموع فتاوى ومقالات متنوعة لسماحة الشيخ عبد العزيز بن عبد الله بن عبد الرحمن بن باز kashaf wafaharis: kitab majmue fatawaa wamaqalat mutanawieat lisamahat alshaykh eabd aleaziz bin eabd allah bin eabd alrahman bin baz / (Record no. 78337)

MARC details
000 -LEADER
fixed length control field 01247aaa a2200241 4500
001 - CONTROL NUMBER
control field 78337
003 - CONTROL NUMBER IDENTIFIER
rucl marc code BD-RjUL
005 - DATE AND TIME OF LATEST TRANSACTION
control field 20211209083123.0
008 - FIXED-LENGTH DATA ELEMENTS--GENERAL INFORMATION
fixed length control field 210909s20061426su ||||| |||| 00| 0 ara d
020 ## - INTERNATIONAL STANDARD BOOK NUMBER
International Standard Book Number 9960113663 [9789960113661]
035 ## - SYSTEM CONTROL NUMBER
System control number (BD-RjUL)78563
040 ## - CATALOGING SOURCE
Original cataloging agency BD-RjUL
Language of cataloging eng
Transcribing agency BD-RjUL
Modifying agency BD-RjUL
041 ## - LANGUAGE CODE
Language code of text/sound track or separate title ara
082 ## - DEWEY DECIMAL CLASSIFICATION NUMBER
Edition number 23
Classification number 297.811
Author mark and year SHK 2006
100 1# - MAIN ENTRY--PERSONAL NAME
Personal name Shuwaier, Muhammad bin Saad ;; الشويعر، محمد بن سعد
9 (RLIN) 247659
245 10 - TITLE STATEMENT
Title كشاف وفهارس :كتاب مجموع فتاوى ومقالات متنوعة لسماحة الشيخ عبد العزيز بن عبد الله بن عبد الرحمن بن باز kashaf wafaharis: kitab majmue fatawaa wamaqalat mutanawieat lisamahat alshaykh eabd aleaziz bin eabd allah bin eabd alrahman bin baz /
Statement of responsibility, etc. Mohammed bin Saad Shuweir ;; محمد بن سعد الشويعر
260 ## - PUBLICATION, DISTRIBUTION, ETC. (IMPRINT)
Place of publication, distribution, etc. الرياض :
Name of publisher, distributor, etc. اإدارة مجلة البحوث الإسلامية الرئاسة العامة للبحوث العلمية والإفتاء،
Date of publication, distribution, etc. 2006
300 ## - PHYSICAL DESCRIPTION
Pagination v. ; [660 p]. ;
Size 23 cm
505 ## - FORMATTED CONTENTS NOTE
Formatted contents note Vol. 1-2.--
650 ## - SUBJECT ADDED ENTRY--TOPICAL TERM
Topical term or geographic name as entry element الفتاوي الشرعية
Form subdivision فهارس
9 (RLIN) 247660
Topical term or geographic name as entry element Sharia Fatwas
Form subdivision indexes
9 (RLIN) 123045
942 ## - ADDED ENTRY ELEMENTS (KOHA)
Source of classification or shelving scheme Dewey Decimal Classification
Koha item type Reference
Holdings
Lost status Source of classification or shelving scheme Damaged status Not for loan Collection code Permanent Location Current Location Shelving location Date acquired Source of acquisition Total Checkouts Full call number Date last seen Copy number Koha item type
  Dewey Decimal Classification   Not For Loan Reference Central Library, University of Rajshahi Central Library, University of Rajshahi   08/10/2007 N/A   AR 016.297811 SHK V-1&2 2006 09/09/2021 C-1 Reference